|
|
|
|
| LEADER |
00000nab a2200000 a 4500 |
| 001 |
vtls010502989 |
| 003 |
SK-MaSNL |
| 005 |
20260303090324.0 |
| 008 |
140302c2013 xo sr|p||| |000 b|slo |
| 015 |
|
|
|a SNBRB2013/03
|
| 038 |
|
|
|a SPK
|
| 040 |
|
|
|a SPKCL
|b slo
|c AACR2
|e AACR2
|
| 041 |
0 |
|
|a slo
|
| 044 |
|
|
|a xo
|c SK
|
| 072 |
|
7 |
|a 37
|x Výchova a vzdelávanie
|2 konspekt
|
| 072 |
|
7 |
|a 62
|x Technika všeobecne
|2 konspekt
|
| 080 |
|
|
|a 37.0:62
|2 2001
|
| 080 |
|
|
|a 371.384
|2 2001
|
| 080 |
|
|
|a 373.3/5
|2 2001
|
| 100 |
1 |
|
|a Ondrejkovič, Augustín
|4 aut
|9 332992
|
| 245 |
1 |
0 |
|a Brightworks je po slovensky technická olympiáda
|c Augustín Ondrejkovič
|
| 300 |
|
|
|b Fotogr.
|
| 650 |
0 |
7 |
|a technické vzdelávanie
|2 snkbucl
|9 65924
|
| 650 |
0 |
7 |
|a technická olympiáda
|2 snkbucl
|9 1097097
|
| 650 |
0 |
7 |
|a zážitková pedagogika
|2 snkbucl
|9 68654
|
| 650 |
0 |
7 |
|a základné školy
|2 snkbucl
|9 1280
|
| 650 |
0 |
7 |
|a osemročné gymnáziá
|2 snkbucl
|9 66578
|
| 773 |
0 |
|
|t Učiteľské noviny
|g Roč. LX, č. 10 (2013)
|x 0139-5769
|
| 773 |
0 |
8 |
|t Školstvo odborne
|g Č. 10 (2013), s. 21
|
| 852 |
|
|
|a SPK
|b KIS3GCP
|
| 856 |
4 |
1 |
|u www.ucitelskenoviny.eu
|
| 999 |
|
|
|c 1802813
|d 1804743
|